[Event "World Team-ch 2017"]
[Site "Khanty-Mansyisk"]
[Date "2017.06.21"]
[Round "5"]
[White "Hauge, Lars Oskar"]
[Black "Fedoseev, Vladimir"]
[Result "0-1"]
[WhiteElo "2448"]
[BlackElo "2703"]
[Annotator "TA"]
[PlyCount "84"]
[EventDate "2017.??.??"]
[EventType "team-tourn"]
[EventCountry "RUS"]
[SourceTitle "playchess.com"]
[Source "ChessBase"]
[SourceQuality "1"]
[WhiteTeam "NOR"]
[BlackTeam "RUS"]
[WhiteTeamCountry "NOR"]
[BlackTeamCountry "RUS"]

{[%evp 9,84,23,36,15,31,27,11,14,23,-17,8,0,8,-28,18,-44,-6,-29,-16,-17,0,-11,-16,-20,-16,-19,-18,-20,-29,-65,-65,-71,-59,-69,-78,-56,-58,-100,-100,-100,-92,-75,-87,-126,-117,-152,-135,-149,-162,-209,-107,-126,-115,-183,-152,-158,-163,-243,-249,-254,-233,-228,-191,-255,-252,-254,-245,-246,-251,-268,-236,-253,-265,-419,-406,-366,-338]} 1. e4 c6 2. Ne2 Qa5 $146 ({Predecessor:} 2... d5 3. e5 g6 4. d4 Bg7 5. h4 c5 6. c3 h6 7. Nf4 e6 8. Nd2 Ne7 9. Bd3 Nbc6 10. Nf3 Qb6 11. O-O Bd7 12. dxc5 Qxc5 {1-0 (30) Vachier Lagrave,M (2804)-Riazantsev,A (2671) Doha 2016}) 3. c4 Nf6 4. Nbc3 e5 5. f4 exf4 6. Nxf4 {B10: Caro-Kann: 2 d3 and 2 c4} Bb4 7. Bd3 d6 8. O-O {The position is equal.} O-O 9. Kh1 Bg4 10. Qe1 Nbd7 11. Bc2 Rae8 (11... Bxc3 $5 12. bxc3 Rfe8 $11) 12. Qg3 ({White should try} 12. d3 $11) 12... Bxc3 13. dxc3 Be6 14. b3 Qe5 15. Ne2 {[%cal Bf4e2,Be2d4,Bd4f5][%mdl 32]} Bg4 16. Bf4 Qh5 17. Nd4 Nc5 $36 {[%mdl 2048] Black is pushing.} 18. h3 {aiming for Qh2.} Be2 19. Nf5 {[%csl Gf5][%cal Rg3g7] [#]} (19. Bxd6 $2 Ncxe4 20. Bxe4 Nxe4 $19) 19... g6 20. Nxd6 Bxf1 (20... Nfxe4 21. Bxe4 Nxe4 22. Nxe4 $11) 21. Nxe8 Bxg2+ $1 ({Much weaker is} 21... Rxe8 22. Rxf1 Qe2 23. Qf2 $11) 22. Qxg2 Rxe8 23. Re1 Qh4 24. Bg3 Qh6 25. Bh2 Rd8 {[#] Strongly threatening ...Rd2.} 26. Re2 Ne6 27. Rf2 Qe3 28. Rf3 Qe1+ 29. Qg1 Qh4 (29... Qd2 $19 30. Qg2 Nh5) 30. Qf2 $17 Qg5 ({Much worse is} 30... Qxf2 $6 31. Rxf2 Nd7 32. Rd2 $11) 31. Qg2 ({Don't capture} 31. Rxf6 $2 Rd2 $19) (31. Re3 $17 {keeps fighting.}) 31... Nh5 32. Qxg5 Nxg5 33. Rd3 (33. Rf2 $142) 33... Rxd3 $19 34. Bxd3 Nxh3 {[%mdl 4096] Endgame KBB-KNN} 35. Bc2 Nf6 36. Bb8 (36. Kg2 $142 Ng5 37. e5) 36... a6 37. Kg2 Ng5 38. e5 Nfe4 39. a4 Nxc3 40. b4 Ne6 41. Kf2 (41. a5 $142) 41... Nd4 42. Bd3 Nd1+ {Precision: White = 50%, Black = 73%.} 0-1

[Event "World Team-ch 2017"]
[Site "Khanty-Mansyisk"]
[Date "2017.06.21"]
[Round "5"]
[White "Abdelnabbi, Imed"]
[Black "Karthikeyan, Murali"]
[Result "1/2-1/2"]
[WhiteElo "2428"]
[BlackElo "2582"]
[Annotator "TA"]
[PlyCount "134"]
[EventDate "2017.??.??"]
[EventType "team-tourn"]
[EventCountry "RUS"]
[SourceTitle "playchess.com"]
[Source "ChessBase"]
[SourceQuality "1"]
[WhiteTeam "EGY"]
[BlackTeam "IND"]
[WhiteTeamCountry "EGY"]
[BlackTeamCountry "IND"]

{[%evp 18,134,-42,-32,-27,-43,-18,-27,0,0,0,0,27,11,55,70,71,83,66,22,0,0,0,0,0,0,77,12,12,12,16,16,20,20,20,20,24,0,17,16,18,17,17,17,18,18,18,18,21,9,8,-37,-37,-37,-37,-60,129,134,114,71,122,85,73,52,316,322,338,297,280,107,135,16,83,85,95,0,0,0,0,0,0,0,4,4,4,4,4,4,4,4,46,0,0,0,16,0,0,0,0,0,0,0,25,-15,-15,-15,-8,-8,-7,-21,-21,-28,-24,-23,0,-8,0,-27,0]} 1. e4 c5 2. Nf3 d6 3. d4 cxd4 4. Nxd4 Nf6 5. f3 e5 6. Bb5+ Nbd7 {[%cal Bb8d7,Bd7c5,Bc5b3][%mdl 32]} 7. Nf5 d5 8. exd5 a6 9. Ba4 b5 10. Bb3 Nc5 {B55: Sicilian: 2...d6 3 d4 cxd4 4 Nxd4 Nf6 5 f3} 11. Ne3 Nxb3 (11... e4 {is interesting.} 12. O-O Bd6 13. a4 Rb8 14. Nd2 O-O) 12. axb3 Bc5 13. c4 O-O 14. Nc3 {[%cal Bb1c3,Bc3a4,Ba4c5][%mdl 32] [#]} Qb6 $146 (14... e4 $5) ({Predecessor:} 14... Nh5 15. O-O f5 16. b4 Bxb4 17. Nc2 Bc5+ 18. Kh1 {½-½ (71) Shaposhnikov,E (2554)-Najer,E (2608) chessassistantclub.com INT 2004}) 15. Qe2 Nh5 {aiming for ...Nf4.} 16. Nc2 bxc4 17. Na4 ({But not} 17. Qxe5 $2 cxb3 18. Na4 Qb5 $19) 17... Qb8 18. Nxc5 (18. bxc4 {feels hotter.} Ba7 19. Nc3 Bd7 20. b4 Nf4 21. Bxf4 exf4 22. Kf1) 18... cxb3 19. O-O {Strongly threatening Ne3.} bxc2 20. Qxc2 Nf6 21. Rd1 Nd7 (21... Qd6 $11) 22. Be3 ({Better is} 22. b4 $16) 22... Nxc5 $11 23. Bxc5 Re8 24. b4 Bd7 25. d6 Qb5 26. Ra5 Qb7 27. Qe4 Bc6 28. Qe3 Bd7 29. h3 h6 30. Kh2 Re6 31. Rda1 Bb5 32. Qe4 $36 {[%mdl 2048] White is more active.} Rb8 33. Qxb7 Rxb7 34. Rxa6 Bxa6 35. Rxa6 {[%mdl 4096] Endgame KRR-KRB} Re8 $1 36. Rc6 {Hoping for Rc7.} Rd8 $2 (36... f6 $15 {stays ahead.}) 37. Rc7 $16 {[%mdl 1024] White has strong compensation.} Rd7 38. Rc8+ $1 Kh7 39. Kg3 Kg6 40. Kf2 $1 Kf6 $2 {[%mdl 8192]} (40... Kf5 $14) 41. Re8 $1 $18 Kg6 42. Rxe5 f6 43. Re2 $2 (43. Re4 $1 $18) 43... Rd8 44. Ke1 (44. Re7 $16 Rxe7 45. dxe7) 44... Kf7 {[#]} (44... Ra8 $1 $11 {keeps the balance.}) 45. Kd2 $1 $16 Re8 {[#]} 46. Rf2 (46. Re7+ $1 $16 Rbxe7 47. dxe7) 46... Ke6 $11 47. Kc3 Kd7 48. Kc4 Re1 49. Ra2 Rc1+ 50. Kd5 Rd1+ 51. Ke4 Ke6 52. Ra8 f5+ 53. Ke3 Re1+ 54. Kf2 (54. Kd4 $5 {[%cal Ra8e8]} Rd1+ 55. Kc4 $14) 54... Rb1 55. Re8+ Kf7 (55... Kd7 $5 {[%cal Rd7e8]} 56. Rf8 Rb2+ 57. Kg3 Ke6 $11) 56. Re2 (56. Rc8 $5 {[%cal Rc8c7]} Rb2+ 57. Kg3 $11) 56... g5 57. Rd2 {d7 is the strong threat.} Ke6 58. Kg3 h5 59. Re2+ Kf7 60. Re5 (60. h4 $5 {[%cal Rh4g5]} f4+ 61. Kh2 $14) 60... Kf6 61. Re8 f4+ 62. Kh2 {[#]} g4 $1 {[%csl Gf4][%cal Rg4g3][%mdl 512]} 63. Rf8+ (63. fxg4 hxg4) 63... Ke5 {[%csl Gf4][%cal Rg4g3]} 64. g3 $1 {[%cal Rg3f4]} Rb2+ 65. Kg1 Rb1+ 66. Kh2 Rb2+ 67. Kg1 Rb1+ {Precision: White = 57%, Black = 57%.} 1/2-1/2

[Event "World Team-ch 2017"]
[Site "Khanty-Mansyisk"]
[Date "2017.06.21"]
[Round "5"]
[White "Hesham, Abdelrahman"]
[Black "Vidit, Santosh Gujrathi"]
[Result "1/2-1/2"]
[WhiteElo "2372"]
[BlackElo "2692"]
[Annotator "TA"]
[PlyCount "157"]
[EventDate "2017.??.??"]
[EventType "team-tourn"]
[EventCountry "RUS"]
[SourceTitle "playchess.com"]
[Source "ChessBase"]
[SourceQuality "1"]
[WhiteTeam "EGY"]
[BlackTeam "IND"]
[WhiteTeamCountry "EGY"]
[BlackTeamCountry "IND"]

{[%evp 10,157,21,23,42,4,3,12,-10,-28,-27,-28,-14,-29,-23,-31,-32,-26,-13,-22,-36,-10,-16,-16,-13,-11,-6,-24,77,81,88,75,133,104,115,113,121,111,114,0,0,0,19,25,25,18,21,27,61,62,98,29,99,38,45,35,44,-50,22,-12,-25,-25,-23,-89,-85,-72,-27,-27,-23,-28,-22,-41,-30,-30,-30,-45,-22,-49,-10,-45,-43,-53,-8,-8,-6,-6,-2,-2,-2,-2,-2,-2,0,0,0,0,0,0,0,0,0,0,0,0,0,0,0,0,0,0,0,0,0,-27,0,0,0,0,0,-6,-6,-27,0,0,0,0,0,0,39,0,0,0,0,-15,-20,-30,-30,-34,-34,-34,-34,-34,-34,-34,-6,-6,-6,-6,-6,-36]} 1. d4 Nf6 2. c4 e6 3. Nf3 Bb4+ 4. Nbd2 O-O 5. a3 Be7 6. e4 d6 {E11: Bogo-Indian} 7. Qc2 Nfd7 8. Nb1 $146 ({Predecessor:} 8. b4 e5 9. d5 a5 10. Bb2 axb4 11. axb4 Rxa1+ 12. Bxa1 c5 13. dxc6 bxc6 14. Be2 {1-0 (26) Lugovskoy,M (2436)-Dreev,A (2660) Sochi 2016}) 8... e5 9. d5 a5 10. Nc3 Nc5 11. Be3 Nba6 $1 12. Be2 f5 13. O-O Qe8 14. b3 Qg6 {[%cal Rf5e4]} 15. Kh1 fxe4 16. Nd2 {[%cal Rd2e4]} Bf5 {[#]} 17. g4 $1 {[%cal Rg4f5][%mdl 512]} Bd7 ({Reject} 17... Bxg4 $6 18. Rg1 $16) 18. Ndxe4 a4 (18... b6 $11 {remains equal.}) 19. b4 $16 Nb3 20. Rad1 Nd4 ({Better is} 20... Bxg4 21. Rg1 Rf3) 21. Bxd4 exd4 22. Rxd4 Rf4 23. Qd1 Raf8 24. b5 (24. Rg1 $16) 24... Nc5 $36 {[%mdl 2048] Black fights for an advantage.} 25. Nxc5 Rxd4 26. Qxd4 dxc5 27. Qe4 Qf6 28. Qe3 Re8 29. Ne4 ({Not} 29. Nxa4 $2 Bd6 $19) 29... Qb2 30. Bd3 (30. h3 $16) 30... Rf8 (30... Kh8 $11 {keeps the balance.}) 31. Rb1 (31. f3 $16) 31... Qe5 $14 32. h3 h5 33. Rg1 (33. g5 $14) 33... b6 (33... hxg4 $15 34. hxg4 Bxg4) 34. Nd2 Bd6 {[%csl Gd6][%cal Re5h2,Be7d6,Bd6e5,Be5b2][%mdl 32] [#]} 35. Qxe5 Bxe5 36. Rg2 (36. Kg2 $11) 36... hxg4 $17 37. hxg4 Bb2 38. Bc2 Bxa3 {Hoping for ...Bc1.} 39. Bxa4 Rf4 40. Bc2 Bxg4 41. Be4 Bb4 42. f3 Bh5 (42... Bxf3 $5 43. Bxf3 Bxd2 $15) 43. Rh2 g6 (43... Bxf3+ $5 44. Bxf3 Bxd2 $15) 44. Kg1 Kg7 45. Rf2 Kf6 (45... Bxd2 $5 46. Rxd2 Bxf3 47. Bxf3 Rxf3 $17) 46. Nf1 Bc3 {Strongly threatening ...Bd4.} (46... Ke5 $5 {[%cal Re5d4]}) 47. Kg2 $1 Bd4 48. Ra2 Be5 49. Ng3 Bd6 50. Ra8 Rh4 51. Re8 Kg5 52. Re6 Rf4 53. Re8 Rf6 54. Rg8 Kf4 {...Ke3 is the strong threat.} 55. Kf2 Be5 56. Re8 {aiming for Ne2+.} Bd6 $1 57. Rh8 Kg5 58. Kg2 Rf7 59. Rg8 Kh4 60. Nxh5 gxh5 $11 {[%mdl 4096] Endgame KRB-KRB} 61. Bg6 Rf6 62. Be4 Rf4 63. Kf2 Rf7 64. Kg2 Be5 65. Bg6 Rd7 66. Bf5 Re7 67. Be6 Bd6 68. Kf2 Rh7 69. Rg6 Rh8 70. Bg8 Bf4 71. Kg2 Rh6 72. Rxh6 Bxh6 {KB-KB} 73. d6 cxd6 74. Bf7 Be3 75. Bg8 Kg5 76. Bf7 h4 77. Bg8 {The position is equal.} Kf4 78. Bd5 Bd4 79. Bc6 {Precision: White = 63%, Black = 61%.} 1/2-1/2

[Event "World Team-ch 2017"]
[Site "Khanty-Mansyisk"]
[Date "2017.06.23"]
[Round "6"]
[White "Ding, Liren"]
[Black "Ponomariov, Ruslan"]
[Result "1-0"]
[WhiteElo "2783"]
[BlackElo "2712"]
[Annotator "TA"]
[PlyCount "83"]
[EventDate "2017.??.??"]
[EventType "team-tourn"]
[EventCountry "RUS"]
[SourceTitle "playchess.com"]
[Source "ChessBase"]
[SourceQuality "1"]
[WhiteTeam "CHN"]
[BlackTeam "UKR"]
[WhiteTeamCountry "CHN"]
[BlackTeamCountry "UKR"]

{[%evp 28,83,34,32,34,30,39,0,0,5,14,14,12,12,15,0,26,29,68,59,45,54,50,54,47,51,72,65,63,64,125,127,144,137,140,146,245,241,186,208,208,236,300,306,359,315,330,319,788,785,760,763,719,686,2113,2115,2070,2070]} 1. e4 c5 2. Nf3 d6 3. d4 cxd4 4. Nxd4 Nf6 5. Nc3 a6 6. Be3 Ng4 7. Bc1 Nf6 8. f3 e5 9. Nb3 Be6 10. Be3 Nbd7 11. g4 Nb6 12. g5 Nh5 13. Qd2 {B90: Sicilian Najdorf: Unusual White 6th moves, 6 Be3 Ng4 and 6 Be3 e5} Be7 14. O-O-O O-O 15. Kb1 {LiveBook: 51 Games. White is slightly better.} Rc8 16. Rg1 g6 17. Qf2 (17. h4 Qc7 18. Qf2 Nc4 19. Bxc4 Qxc4 20. Nc1 b5 {0-1 (48) Topalov,V (2761)-Carlsen,M (2855) Leuven 2016}) 17... Nc4 18. Bxc4 $1 Rxc4 19. Nd5 Bxd5 20. Rxd5 b5 {[#]} 21. h4 $146 f6 (21... f5 {keeps more tension.} 22. Nd2 Rc7 23. Bb6 Nf4 24. Qe3 Nxd5 25. Qb3 Rf7) 22. Qd2 fxg5 23. Bxg5 Rxf3 24. Bxe7 Qxe7 25. Rxd6 Rf7 26. Rxa6 Rxe4 27. Qd5 Rxh4 28. Qxb5 Nf4 ({Black should play} 28... Rb4 $14 29. Ra8+ Kg7) 29. a4 $16 e4 30. Ra8+ {[%cal Ba6a8,Ba8e8,Be8e4][%mdl 32]} Kg7 31. Re8 $36 {[%mdl 2048] White is in control.} Qa7 (31... Qf6 $16 {was called for.} 32. Rxe4 Nh3 33. Rxh4 Nxg1) 32. Qe5+ $18 Kh6 33. Qg5+ Kg7 34. Rxe4 {[#] Nd4 is the strong threat.} Rh5 35. Qg3 Rh3 36. Qe1 Nd5 37. Nd4 {[%cal Bb3d4,Bd4e6,Be6d8][%mdl 32] Strongly threatening Ne6+.} Qb6 $2 {[#]} (37... Rh5 38. Re5 Nf6) 38. a5 {White is clearly winning.} Qb7 39. Ne6+ Kg8 40. Nd8 Qb5 {next ...Nc3+ is good for Black.} 41. Re8+ Kg7 42. Qe5+ {Precision: White = 80%, Black = 43%.} 1-0

[Event "World Team-ch 2017"]
[Site "Khanty-Mansyisk"]
[Date "2017.06.23"]
[Round "6"]
[White "Nepomniachtchi, Ian"]
[Black "Duda, Jan-Krzysztof"]
[Result "1-0"]
[WhiteElo "2732"]
[BlackElo "2697"]
[Annotator "TA"]
[PlyCount "83"]
[EventDate "2017.??.??"]
[EventType "team-tourn"]
[EventCountry "RUS"]
[SourceTitle "playchess.com"]
[Source "ChessBase"]
[SourceQuality "1"]
[WhiteTeam "RUS"]
[BlackTeam "POL"]
[WhiteTeamCountry "RUS"]
[BlackTeamCountry "POL"]

{[%evp 14,83,25,15,35,19,12,9,22,8,37,31,28,36,47,34,35,7,18,8,18,0,0,0,0,0,0,0,0,0,0,0,0,0,0,-14,-8,-22,0,0,0,0,24,16,10,0,0,0,2,0,1900,1900,29969,29969,29988,29989,29989,29972,29970,5493,29971,29975,29991,29992,29992,29993,29994,29995,29995,29996,29996,29997]} 1. e4 c5 2. Nf3 d6 3. d4 cxd4 4. Nxd4 Nf6 5. Nc3 a6 6. Bd3 Nc6 7. Nxc6 bxc6 8. O-O g6 {B90: Sicilian Najdorf: Unusual White 6th moves, 6 Be3 Ng4 and 6 Be3 e5} 9. Kh1 (9. b3 Bg7 10. Bb2 O-O 11. Na4 c5 12. e5 Ng4 13. Qf3 Rb8 14. exd6 Qxd6 15. Qg3 Bd7 16. Bxg7 Kxg7 17. Qxd6 exd6 18. Bxa6 Bxa4 19. bxa4 {½-½ (27) Kraus,T (2403)-Hracek,Z (2608) Prague 2016}) 9... Bg7 10. f4 O-O {The position is equal.} 11. f5 Bb7 12. Qe1 $146 ({Predecessor:} 12. Qg4 Nxg4 {0-1 (12) Gheng,H-Kyas,M (1986) playchess.com INT 2008}) 12... Nd7 13. Bg5 Ne5 14. Rd1 a5 15. Be2 (15. Qh4 $5 {[%cal Rg5e7]} f6 16. Be3 $11) 15... a4 16. Qh4 Re8 17. h3 Qc7 18. Qg3 Ba6 19. Bxa6 Rxa6 20. f6 h6 21. Bh4 $1 Bh8 {White should prevent ...g5.} 22. Qf2 ({Much worse is} 22. fxe7 g5 $17) 22... g5 23. Bg3 Bxf6 24. Bxe5 dxe5 25. Qe2 Raa8 26. Qh5 Red8 27. Qxh6 Qb6 28. Rf3 Rxd1+ $1 29. Nxd1 {With the idea Ne3.} Rd8 30. Ne3 {aiming for Kh2.} Qxb2 31. Rf1 (31. Kh2 $5 {[%cal Rf3f6]} Qd4 32. Ng4 $11) 31... Qxa2 $2 {[%mdl 8192]} (31... Rd6 $11) 32. Rxf6 $18 {White wants to mate with Nf5!} Rd1+ {[#]} 33. Kh2 $1 ({Less strong is} 33. Nxd1 exf6 34. Qxf6 Qxc2 $16) 33... Qa1 34. Qxg5+ Kf8 35. Rh6 {[%cal Rh6h8]} Rh1+ 36. Kg3 {[%cal Rh6h8]} Qe1+ 37. Kf3 {[%cal Rh6h8] White mates.} Ke8 38. Rh8+ Kd7 39. Qf5+ Kd6 40. Rd8+ Kc7 41. Qd7+ Kb6 42. Rb8+ {Precision: White = 74%, Black = 72%.} 1-0

[Event "World Team-ch 2017"]
[Site "Khanty-Mansyisk"]
[Date "2017.06.23"]
[Round "6"]
[White "Wojtaszek, Radoslaw"]
[Black "Svidler, Peter"]
[Result "1/2-1/2"]
[WhiteElo "2730"]
[BlackElo "2756"]
[Annotator "TA"]
[PlyCount "116"]
[EventDate "2017.??.??"]
[EventType "team-tourn"]
[EventCountry "RUS"]
[SourceTitle "playchess.com"]
[Source "ChessBase"]
[SourceQuality "1"]
[WhiteTeam "POL"]
[BlackTeam "RUS"]
[WhiteTeamCountry "POL"]
[BlackTeamCountry "RUS"]

{[%evp 16,116,38,32,37,22,22,25,23,25,25,25,29,22,33,29,25,22,42,38,32,22,24,20,18,11,25,18,26,12,43,0,0,0,0,0,1,0,10,7,8,0,0,0,0,0,0,0,0,0,22,20,23,40,20,20,22,0,0,0,30,39,94,93,97,101,96,104,112,110,120,120,120,120,120,120,120,120,120,120,120,120,120,120,120,120,120,73,120,73,120,28,120,120,120,16,17,17,26,26,26,20,26]} 1. d4 Nf6 2. c4 g6 3. Nf3 Bg7 4. g3 c5 5. Nc3 O-O 6. Bg2 cxd4 7. Qxd4 Nc6 8. Qh4 Qa5 9. O-O d6 {A49: 1 d4 Nf6 2 Nf3 g6 3 g3: Anti-King's Indian systems} (9... Qh5 10. Qxh5 Nxh5 11. Bd2 d6 12. Rac1 Be6 13. b3 Nf6 14. Rfd1 Rfc8 15. Ne1 Bd7 16. Nd3 b6 17. h3 {0-1 (44) Giri,A (2737)-Bacrot,E (2723) Elancourt 2013}) 10. Bh6 Qh5 11. Qxh5 Nxh5 {White has an edge.} 12. Bxg7 Kxg7 13. Rfd1 Nf6 14. Rac1 Rd8 $146 ({Predecessor:} 14... Be6 15. b3 Rfc8 16. Ne1 Rab8 17. Nd3 Bd7 18. c5 dxc5 19. Nxc5 Be8 20. e3 Nd8 {½-½ (20) Lokvenc,J-Giustolisi,A Venice 1948}) 15. Ne1 {[%cal Bf3e1,Be1c2,Bc2e3][%mdl 32]} Bf5 16. Nc2 Rac8 17. Ne3 Bd7 18. b3 h5 19. h3 Rb8 20. f4 Rdc8 21. Kf2 b6 22. Rd2 Kf8 23. Rh1 Nd8 24. Ncd5 Nxd5 25. cxd5 Rc3 26. g4 hxg4 27. hxg4 {aiming for Rdd1.} Kg7 28. Bf3 Rbc8 29. g5 Nb7 30. Rd4 b5 31. Bg4 Bxg4 32. Nxg4 Rh8 33. Rxh8 Kxh8 $11 {[%mdl 4096] Endgame KRN-KRN} 34. Re4 Rc7 35. b4 a5 36. Ne3 Kg7 37. a3 Kf8 38. f5 gxf5 (38... axb4 $14 39. axb4 (39. Rxb4 Kg7 $11) 39... Nd8) 39. Nxf5 $16 axb4 40. axb4 ({But not} 40. Rxb4 Rc5 $14) 40... Nd8 41. Nd4 Rc4 42. Ke3 Rxb4 {[#]} 43. Ne6+ $1 {[%mdl 512]} Nxe6 (43... fxe6 44. Rxb4) 44. Rxb4 Nxg5 {KR-KN} 45. Kf4 f6 46. Kf5 Kf7 47. Rxb5 Nh7 48. Rb1 Nf8 49. Rb7 Nh7 50. Ke4 Ng5+ 51. Kd4 Nh3 52. Kc4 Nf4 53. Rb2 (53. e4 $16) 53... Kg7 (53... f5 $11 {remains equal.}) 54. e3 Ng6 {[#]} 55. Kb5 ({White should try} 55. e4 $1 $16) 55... f5 $11 56. Kc4 f4 57. exf4 Nxf4 58. Kd4 Nh5 {Precision: White = 56%, Black = 65%.} 1/2-1/2

[Event "World Team-ch 2017"]
[Site "Khanty-Mansyisk"]
[Date "2017.06.23"]
[Round "6"]
[White "Wei, Yi"]
[Black "Areshchenko, Alexander"]
[Result "1/2-1/2"]
[WhiteElo "2728"]
[BlackElo "2652"]
[Annotator "TA"]
[PlyCount "77"]
[EventDate "2017.??.??"]
[EventType "team-tourn"]
[EventCountry "RUS"]
[SourceTitle "playchess.com"]
[Source "ChessBase"]
[SourceQuality "1"]
[WhiteTeam "CHN"]
[BlackTeam "UKR"]
[WhiteTeamCountry "CHN"]
[BlackTeamCountry "UKR"]

{[%evp 15,77,28,29,22,18,0,2,-12,12,4,18,14,7,0,0,0,2,0,0,0,0,-24,0,-1,0,0,0,-12,0,-5,-11,-14,0,0,0,0,9,8,8,10,12,10,20,25,18,20,30,27,39,8,8,0,0,0,8,8,8,8,8,0,0,0,0,8]} 1. e4 c5 2. Nf3 d6 3. d4 cxd4 4. Nxd4 Nf6 5. Nc3 a6 6. Be3 e5 7. Nb3 Be6 8. Qd2 Nbd7 9. O-O-O {B90: Sicilian Najdorf: Unusual White 6th moves, 6 Be3 Ng4 and 6 Be3 e5} (9. f3 h5 10. O-O-O Rc8 11. Kb1 Be7 12. Nd5 Bxd5 13. exd5 Nb6 14. Bxb6 Qxb6 15. Bd3 Rc7 16. c4 O-O 17. Rhe1 Bd8 18. g3 Re8 19. h3 Kf8 {1-0 (32) Yu,Y (2749)-Zhou,J (2595) Beijing 2017}) 9... Be7 10. f4 b5 11. Kb1 Qc7 12. h3 Nb6 13. Bxb6 $146 ({Predecessor:} 13. f5 Bc4 14. g4 Nfd7 15. a3 Rc8 16. Qf2 Na4 {1-0 (38) Robson,R (2527)-Stavrianakis,I (2273) Puerto Madryn 2009}) 13... Qxb6 14. Bd3 exf4 15. Qxf4 O-O $1 16. Nd5 Bxd5 17. exd5 Rae8 18. Rhe1 g6 19. c4 ({Don't play} 19. Rxe7 Nxd5 20. Qxf7+ Rxf7 $17) 19... bxc4 20. Qxc4 a5 21. Qc6 Bd8 22. Qxb6 Bxb6 23. Bb5 Rxe1 24. Rxe1 Nxd5 25. Rd1 Nf4 26. Rxd6 Rb8 27. Bc6 Kf8 28. Nd2 Rd8 29. Rxd8+ Bxd8 $11 {[%mdl 4096] Endgame KBN-KBN} 30. Kc2 Ke7 31. Nc4 Ke6 32. Bb7 f5 {The position is equal.} 33. Kc3 h5 34. Kd4 Bf6+ 35. Kc5 Nd3+ 36. Kb5 a4 37. Bc6 Nxb2 38. Nxb2 Bxb2 39. Kxa4 {Precision: White = 68%, Black = 64%.} 1/2-1/2

[Event "World Team-ch 2017"]
[Site "Khanty-Mansyisk"]
[Date "2017.06.23"]
[Round "6"]
[White "Korobov, Anton"]
[Black "Yu, Yangyi"]
[Result "1/2-1/2"]
[WhiteElo "2711"]
[BlackElo "2749"]
[Annotator "TA"]
[PlyCount "88"]
[EventDate "2017.??.??"]
[EventType "team-tourn"]
[EventCountry "RUS"]
[SourceTitle "playchess.com"]
[Source "ChessBase"]
[SourceQuality "1"]
[WhiteTeam "UKR"]
[BlackTeam "CHN"]
[WhiteTeamCountry "UKR"]
[BlackTeamCountry "CHN"]

{[%evp 31,88,8,19,0,0,0,0,0,0,0,0,-9,0,-7,-8,-22,0,0,0,0,0,0,0,0,0,0,-4,-2,0,0,0,-10,0,0,0,0,0,0,0,0,0,0,0,0,0,0,0,0,0,0,0,0,0,0,0,0,0,0,0]} 1. d4 Nf6 2. c4 e6 3. Nc3 Bb4 4. e3 O-O 5. Bd3 d5 6. Nf3 c5 7. O-O cxd4 8. exd4 dxc4 9. Bxc4 b6 10. Bg5 Bb7 11. Qe2 Bxc3 12. bxc3 Nbd7 13. Bd3 Qc7 14. c4 Ng4 {E54: Nimzo-Indian: Rubinstein: Main Line: 7...dxc4 8 Bxc4} (14... h6 15. Bh4 Nh5 16. Qe3 Qf4 17. Bg3 Qxe3 18. fxe3 Nxg3 19. hxg3 Rfd8 20. a4 Rac8 21. a5 Rc7 22. Rfb1 {½-½ (52) Meskovs,N (2489)-Movsesian,S (2673) Tallinn 2016}) 15. Be4 Bxe4 16. Qxe4 Ngf6 {LiveBook: 13 Games. The position is equal.} 17. Qd3 Rac8 $146 ({Predecessor:} 17... h6 18. Bh4 Rac8 19. Rac1 Nh5 20. Rfe1 Rfe8 21. Qe3 g5 22. Bg3 Nxg3 23. hxg3 {1-0 (63) Wiacek,K (2518)-Pivinsky,E (2463) ICCF email 2007}) 18. Rfc1 Rfe8 19. Qb1 h6 20. Bxf6 Nxf6 21. a4 Red8 22. a5 bxa5 23. Qa2 Nd5 24. Qxa5 Qxa5 25. Rxa5 Ne7 26. Rxa7 Nc6 27. Raa1 Nxd4 28. Nxd4 Rxd4 $11 {[%mdl 4096] Endgame KRR-KRR} 29. c5 Rc6 30. g3 g5 31. Kg2 Kg7 32. Rab1 Rd5 33. Rb5 h5 34. h3 Kg6 35. Rc3 g4 36. Rc4 f5 37. Rb6 Rxb6 38. cxb6 {KR-KR} Rb5 39. Rc6 Kf6 40. h4 Rb1 41. Rd6 Ke7 42. Rc6 Kf6 43. Rd6 Ke7 44. Rc6 Kf6 {Precision: White = 83%, Black = 82%.} 1/2-1/2

[Event "World Team-ch 2017"]
[Site "Khanty-Mansyisk"]
[Date "2017.06.23"]
[Round "6"]
[White "Fedoseev, Vladimir"]
[Black "Gajewski, Grzegorz"]
[Result "1-0"]
[WhiteElo "2703"]
[BlackElo "2628"]
[Annotator "TA"]
[PlyCount "63"]
[EventDate "2017.??.??"]
[EventType "team-tourn"]
[EventCountry "RUS"]
[SourceTitle "playchess.com"]
[Source "ChessBase"]
[SourceQuality "1"]
[WhiteTeam "RUS"]
[BlackTeam "POL"]
[WhiteTeamCountry "RUS"]
[BlackTeamCountry "POL"]

{[%evp 13,63,6,6,-6,0,0,0,0,0,0,0,0,0,0,17,8,21,3,22,12,16,11,13,12,15,8,20,25,28,27,35,37,225,221,249,263,219,229,546,552,615,667,643,647,841,782,825,814,814,822,815,800]} 1. d4 Nf6 2. c4 e6 3. Nf3 d5 4. Nc3 Bb4 5. e3 O-O 6. Bd2 b6 7. cxd5 exd5 8. Rc1 {E51: Nimzo-Indian: Rubinstein: 4...0-0 5 Nf3 d5} Be7 9. Bd3 Bb7 10. O-O {The position is equal.} Nbd7 11. Be1 c5 12. Ne5 cxd4 13. Nxd7 $146 ({Predecessor:} 13. exd4 Nxe5 14. dxe5 Nd7 15. f4 Nc5 {½-½ (52) Riazantsev,A (2671)-Wojtaszek,R (2749) Doha 2016}) 13... Nxd7 14. exd4 Nf6 {[%cal Bd7f6,Bf6h5,Bh5g7][%mdl 32]} 15. f3 {[%cal Bf2f3,Bf3f4,Bf4f5][%mdl 32]} g6 16. Bh4 Nh5 17. Bxe7 Qxe7 18. Qd2 Qf6 19. Bb1 Rfe8 20. f4 Re7 21. g4 $36 {[%mdl 2048] White fights for an advantage.} Ng7 22. f5 g5 $2 {[#]} (22... gxf5 $1 $14 23. Bxf5 (23. gxf5 Ne8 $11) 23... Qh4) 23. h4 $1 $18 h6 24. hxg5 hxg5 {[#]} 25. Rf3 $1 {[%cal Bf1f3,Bf3h3,Bh3h6][%mdl 32]} Kf8 $2 (25... b5 26. Nxb5 a6) 26. Rh3 {[%cal Rh3h8] White is clearly winning.} Ke8 27. Nb5 {White threatens Rh8+ and mate.} Kd8 28. Qh2 Rc8 29. Rxc8+ Bxc8 30. Rh6 Re1+ 31. Kf2 {White wants to mate with Qc7+.} Qe7 32. Qd6+ {Precision: White = 87%, Black = 51%.} 1-0